|
|
|
|
| LEADER |
00000nam a22000005a 4500 |
| 001 |
7134 |
| 003 |
CL-ChBUA |
| 005 |
20120815103008.0 |
| 008 |
070301s sp 000 0dspa |
| 020 |
|
|
|a 8420008959
|
| 040 |
|
|
|a CL-ChBUA
|c CL-ChBUA
|
| 082 |
0 |
0 |
|a 664.02
|
| 090 |
|
|
|c 7134
|d 7134
|
| 100 |
1 |
|
|a Suzuki, Taniko.
|
| 245 |
1 |
0 |
|a Tecnología de las proteínas de pescado y krill
|
| 260 |
|
|
|b Acribia.
|c 198?
|
| 300 |
|
|
|a xiv, 230 p.
|c 23 cm.
|
| 504 |
|
|
|a Bibl., índice.
|
| 650 |
|
4 |
|a ALIMENTOS - PROCESAMIENTO.
|
| 650 |
|
4 |
|a ALIMENTOS - TECNOLOGIA.
|
| 650 |
|
4 |
|a KRILL - TECNOLOGÍA.
|
| 650 |
|
4 |
|a PESCADO - TECNOLOGIA.
|
| 942 |
|
|
|c LIB
|
| 952 |
|
|
|0 0
|1 0
|4 0
|7 0
|9 10689
|a UNACH
|b UNACH
|c 600
|d 2007-03-05
|i 31.849.
|l 0
|o 664.02 / Su 968.
|p 11688
|r 2012-12-27 00:00:00
|u 10689
|w 2012-08-08
|y LIB
|k 664.02 / Su 968.
|
| 999 |
|
|
|c 7134
|d 7134
|